Score 0/30 Timer 03:00
2 Plays Today
TV Character & Show Only Child (Y/N) % Correct
Bart Simpson
'The Simpsons'
???
92.5%
Greg Brady
'The Brady Bunch'
???
91.6%
Laura Ingalls
'Little House On The Prairie'
???
89.5%
Kelly Bundy
'Married With Children'
???
89.3%
Darlene Conner
'Roseanne'
???
89.1%
John Boy Walton
'The Waltons'
???
88.5%
Ray Barone
'Everybody Loves Raymond'
???
88%
Mallory Keaton
'Family Ties'
???
87.5%
Haley Dunphy
'Modern Family'
???
87%
Richie Cunningham
'Happy Days'
???
85.9%
Frasier Crane
'Frasier'
???
85.5%
Wally Cleaver
'Leave It To Beaver'
???
84.1%
Dennis Mitchell
'Dennis The Menace'
???
82.2%
Bamm-Bamm Rubble
'The Flintstones
???
79.4%
Little Ricky Ricardo
'I Love Lucy'
???
78.8%
TV Character & Show Only Child (Y/N) % Correct
Chandler Bing
'Friends'
???
76%
Punky Brewster
'Punky Brewster'
???
75.5%
David Rose
'Schitt's Creek'
???
72.8%
Christy Plunkett
'Mom'
???
69.3%
Steve Urkel
'Family Matters'
???
66.4%
Ricky Stratton
'Silver Spoons'
???
65.4%
Eric Cartman
'South Park'
???
64.2%
Mary Richards
'The Mary Tyler Moore Show'
???
63.8%
Gloria Bunker
'All In The Family'
???
63.7%
Dustin Henderson
'Stranger Things'
???
59.7%
Aaron Littleton
'Lost'
???
56.1%
Samantha Micelli
'Who's The Boss'
???
53%
Leonard Hofstadter
'The Big Bang Theory'
???
51.3%
Tabitha Stephens
'Bewitched'
???
40.8%
Eddie Munster
'The Munsters'
???
30.4%
Remove Ads.
Support Sporcle.
Get the best of Sporcle when you Go Orange. This ad-free experience offers more features, more stats, and more fun while also helping to support Sporcle. Thank you for becoming a member.

You're not logged in!

Compare scores with friends on all Sporcle quizzes.
OR
Log In

Sporcle TV

Today on Sporcle TV


Watch our educational content, quiz creation guides, and fun videos on Sporcle TV.

Show Comments

Extras

Top Quizzes Today


Score Distribution

Paid Content

Your Account Isn't Verified!

In order to create a playlist on Sporcle, you need to verify the email address you used during registration. Go to your Sporcle Settings to finish the process.

Report this User

Report this user for behavior that violates our Community Guidelines.

Details: